ইসলামের ইতিহাস / (Record no. 37936)
[ view plain ]
| 000 -LEADER | |
|---|---|
| fixed length control field | 00976nam a2200229 a 4500 |
| 001 - CONTROL NUMBER | |
| control field | 37936 |
| 003 - CONTROL NUMBER IDENTIFIER | |
| rucl marc code | BD-RjUL |
| 005 - DATE AND TIME OF LATEST TRANSACTION | |
| control field | 20211209052706.0 |
| 008 - FIXED-LENGTH DATA ELEMENTS--GENERAL INFORMATION | |
| fixed length control field | 150813s1981 Bg ||||| |||| 00| 0 ben d |
| 035 ## - SYSTEM CONTROL NUMBER | |
| System control number | (BD-RjUL)38041 |
| 040 ## - CATALOGING SOURCE | |
| Original cataloging agency | BD-RjUL |
| Language of cataloging | eng |
| Transcribing agency | BD-RjUL |
| 041 ## - LANGUAGE CODE | |
| Language code of text/sound track or separate title | ben |
| 082 ## - DEWEY DECIMAL CLASSIFICATION NUMBER | |
| Classification number | 297.09 |
| Author mark and year | HAI 1981-1983 |
| Edition number | 23 |
| 100 ## - MAIN ENTRY--PERSONAL NAME | |
| Personal name | হাসান, সৈয়দ মাহমুদুল |
| 9 (RLIN) | 117520 |
| 245 10 - TITLE STATEMENT | |
| Title | ইসলামের ইতিহাস / |
| Statement of responsibility, etc. | সৈয়দ মাহমুদুল হাসান |
| 250 ## - EDITION STATEMENT | |
| Edition statement | পরিবর্ধিত ৫ম সং |
| 260 ## - PUBLICATION, DISTRIBUTION, ETC. (IMPRINT) | |
| Place of publication, distribution, etc. | ঢাকা ; |
| -- | বরিশাল : |
| Name of publisher, distributor, etc. | গ্লোব লাইব্রেরী (প্রা:) লিমিটেড, |
| Date of publication, distribution, etc. | ১৯৮১ [পুনর্মুদ্রণ ১৯৮৩] |
| 300 ## - PHYSICAL DESCRIPTION | |
| Pagination | ১৩, ৬৭৬ পৃ. : |
| Illustrations | চিত্র ; |
| Size | ২২ সেমি. |
| 650 ## - SUBJECT ADDED ENTRY--TOPICAL TERM | |
| Topical term or geographic name as entry element | ইসলাম |
| General subdivision | ইতিহাস |
| 9 (RLIN) | 117521 |
| Topical term or geographic name as entry element | Islam |
| General subdivision | History |
| 9 (RLIN) | 117522 |
| 942 ## - ADDED ENTRY ELEMENTS (KOHA) | |
| Source of classification or shelving scheme | Dewey Decimal Classification |
| Koha item type | Books |
| Lost status | Source of classification or shelving scheme | Damaged status | Not for loan | Collection code | Permanent Location | Current Location | Shelving location | Date acquired | Source of acquisition | Cost, normal purchase price | Total Checkouts | Total Renewals | Full call number | Date last seen | Date checked out | Copy number | Koha item type |
|---|---|---|---|---|---|---|---|---|---|---|---|---|---|---|---|---|---|
| Dewey Decimal Classification | Non-fiction | Central Library, University of Rajshahi | Central Library, University of Rajshahi | 20/07/1983 | আইডিয়াল লাইব্রেরী, ঢাকা | 55.00 | 7 | 1 | B 297.09 HAI 1981 | 17/02/2026 | 02/02/2026 | C-2 | Books | ||||
| Dewey Decimal Classification | Non-fiction | Central Library, University of Rajshahi | Central Library, University of Rajshahi | General Stacks | 05/08/1984 | Imperial Books,Rajshahi | 65.00 | 1 | B 297.09 HAI 1983 | 22/07/2019 | 21/07/2019 | C-3 | Books | ||||
| Dewey Decimal Classification | Non-fiction | Central Library, University of Rajshahi | Central Library, University of Rajshahi | 02/08/1984 | Dhaka University Grantha Songstha | 65.00 | B 297.09 HAI 1981 | 17/05/2016 | C-4 | Books | |||||||
| Dewey Decimal Classification | Non-fiction | Central Library, University of Rajshahi | Central Library, University of Rajshahi | 05/08/1984 | Impirial books,Rajshahi | 65.00 | B 297.09 HAI 1981 | 29/05/2016 | C-5 | Books | |||||||
| Dewey Decimal Classification | Non-fiction | Central Library, University of Rajshahi | Central Library, University of Rajshahi | 20/09/1982 | Aligor Library, Rajshahi | 55.00 | 1 | B 297.09 HAI 1981 | 21/05/2017 | 04/05/2017 | C-6 | Books | |||||
| Dewey Decimal Classification | Non-fiction | Central Library, University of Rajshahi | Central Library, University of Rajshahi | 20/07/2016 | Impirial books,Rajshahi | 65.00 | 2 | 1 | B 297.09 HAI 1981 | 01/01/2020 | 02/12/2019 | C-7 | Books |